| 000 | 01079nam a2200313 i 4500 | ||
|---|---|---|---|
| 001 | 000025690 | ||
| 003 | DO-SdBNP | ||
| 005 | 20250606121936.0 | ||
| 007 | ta | ||
| 008 | 110221s1997 dr abc 001 0 spa d | ||
| 040 |
_aDO-SdBNP _bspa _cBNPHU _espa |
||
| 049 | _aBNPD | ||
| 082 | 4 |
_a972.93 _bP426e _222 |
|
| 100 | 1 |
_aPeralta, Luz, _952462 _eautor |
|
| 245 | 1 | 0 |
_aEste es nuestro país / _cLuz Peralta. |
| 264 | 2 |
_aSanto Domingo : _bLotería Nacional, _c1997. |
|
| 300 |
_a222 páginas : _bilustraciones, mapas, tablas ; _c22 cm. |
||
| 336 |
_atexto _btxt _2rdacontent |
||
| 337 |
_asin mediación _bn _2rdamedia |
||
| 338 |
_avolumen _bnc _2rdacarrier |
||
| 500 | _aIncluye datos biográficos de la autora en la contracubierta. | ||
| 504 | _aBibliografía : p. 219-222. | ||
| 590 | _aInventariado, 2024/BT | ||
| 650 | 0 |
_aIdentidad nacional _92163 |
|
| 651 | 4 |
_aRepública Dominicana _xCaracterísticas nacionales _91720 |
|
| 651 | 4 |
_aRepública Dominicana _xDivisiones administrativas y políticas _917205 |
|
| 910 | _aValidado. Control de calidad EMS | ||
| 942 |
_2ddc _cLBS1 |
||
| 999 |
_c25182 _d25182 |
||